00578nam a22002057a 450000500170000001000130001702000220003003500130005203700160006504000120008108200160009310000170010924500770012626000450020327000420024830000250029050000200031565000160033565000210035120170124105959.0 aA-310436 c00.00a8170240875 aA-310436 bCen Lib/Ret aDPLbEN a364.14bGHO aGhose, S. K. aCommunal riots in India :cby S. K. Ghosebmeet the challenge unitedly / aNew DelhibAshish Publishing Housec1987 a8/81, Punjabi BaghbNew Delhie110026 axiv,230p. c21cm(Hb) aIncludes index  aCommunalism aEthnic relations